Normal view MARC view

Entry Personal Name

Number of records used in: 1

001 - CONTROL NUMBER

  • control field: 1037

003 - CONTROL NUMBER IDENTIFIER

  • control field: PK-NaQUE

005 - DATE AND TIME OF LATEST TRANSACTION

  • control field: 20260629133328.0

008 - FIXED-LENGTH DATA ELEMENTS

  • fixed length control field: 260629|| aca||aabn | a|a d

040 ## - CATALOGING SOURCE

  • Original cataloging agency: PK-NaQUE
  • Transcribing agency: PK-NaQUE

100 ## - HEADING--PERSONAL NAME

  • Personal name: Department of Electrical Engineering

670 ## - SOURCE DATA FOUND

  • Source citation: Work cat.: (PK-NaQUE)69093: Fahad Hussain Zardari 21-MPE-06 Supervisor - Dr. Ghullam Sarwar Kaloi 1036, Dynamic Modeling and Improved Control of PMSG Based Wind Generation System Turbine (Thesis ME), 2025